<?xml version="1.0" encoding="UTF-8"?>
<record
    xmlns:xsi="http://www.w3.org/2001/XMLSchema-instance"
    xsi:schemaLocation="http://www.loc.gov/MARC21/slim http://www.loc.gov/standards/marcxml/schema/MARC21slim.xsd"
    xmlns="http://www.loc.gov/MARC21/slim">

  <leader>01742nam a2200229Ia 4500</leader>
  <controlfield tag="001">b6464-46455 </controlfield>
  <controlfield tag="003">IT-MiCISF</controlfield>
  <controlfield tag="005">20250409102704.0</controlfield>
  <controlfield tag="008">161014s9999||||xx |||||||||||||| ||und||</controlfield>
  <datafield tag="040" ind1=" " ind2=" ">
    <subfield code="a">IT-MiCISF</subfield>
    <subfield code="c">IT-MiCISF</subfield>
  </datafield>
  <datafield tag="041" ind1=" " ind2=" ">
    <subfield code="a">it</subfield>
  </datafield>
  <datafield tag="100" ind1=" " ind2=" ">
    <subfield code="a">Burattin Ernesto (et al.)</subfield>
    <subfield code="9">62057</subfield>
  </datafield>
  <datafield tag="245" ind1=" " ind2="0">
    <subfield code="a">La risorsa longevit&#xE0;.</subfield>
    <subfield code="b">Un approccio concreto e innovativo</subfield>
  </datafield>
  <datafield tag="260" ind1=" " ind2=" ">
    <subfield code="a"> Venezia,</subfield>
    <subfield code="b">Marsilio,</subfield>
    <subfield code="c">2008</subfield>
  </datafield>
  <datafield tag="500" ind1=" " ind2=" ">
    <subfield code="a"> anziani, societ&#xE0;, servizi-anziani, esperienze, educazione, qualit&#xE0;-della-vita  </subfield>
  </datafield>
  <datafield tag="520" ind1=" " ind2=" ">
    <subfield code="a">Il libro raccoglie i pi&#xF9; aggiornati contributi al dibattito civile, sociale ed economico sulle nuove modalit&#xE0; di approccio alla longevit&#xE0;, fornendo fondamenti teorici e testimonianze operative. Riscontrata l'inadeguatezza del Welfare State, basato su costose burocrazie prevalentemente sanitarie (una soluzione adatta a un'epoca in cui era breve l'aspettativa di vita dopo la pensione), gli AA.  dimostrano come porre i longevi al centro delle dinamiche civili e sociali sia oggi la soluzione pi&#xF9; adeguata per rispondere al mutato scenario sociodemografico. In una situazione attuale dove sono almeno 20 gli anni di buona salute dopo l'abbandono dell'attivit&#xE0; lavorativa, la soluzione proposta &#xE8; il modello della Welfare Society, un nuovo paradigma di comunit&#xE0; civile in cui le diverse componenti sociali interagiscono in una forte logica intergenerazionale, valorizzando le specifiche competenze (anche solo residue) per costruire insieme un positivo percorso di sviluppo e relazione.</subfield>
  </datafield>
  <datafield tag="650" ind1=" " ind2=" ">
    <subfield code="a">Terza-et&#xE0;</subfield>
  </datafield>
  <datafield tag="654" ind1=" " ind2=" ">
    <subfield code="a">saggio</subfield>
  </datafield>
  <datafield tag="700" ind1=" " ind2=" ">
    <subfield code="a">De Rita G., Ferro A., Gius E., Maietta F., Masnata G., Morganti M.,</subfield>
    <subfield code="a"> Santini G., Scanagatta S., Zamagni S. </subfield>
    <subfield code="9">62058</subfield>
  </datafield>
  <datafield tag="942" ind1=" " ind2=" ">
    <subfield code="c">BK</subfield>
    <subfield code="2">ddc</subfield>
  </datafield>
  <datafield tag="999" ind1=" " ind2=" ">
    <subfield code="c">210577</subfield>
    <subfield code="d">210577</subfield>
  </datafield>
  <datafield tag="999" ind1=" " ind2=" ">
    <subfield code="b">si</subfield>
  </datafield>
  <datafield tag="952" ind1=" " ind2=" ">
    <subfield code="0">0</subfield>
    <subfield code="1">0</subfield>
    <subfield code="4">0</subfield>
    <subfield code="6">B_646446455</subfield>
    <subfield code="7">1</subfield>
    <subfield code="a">CISF</subfield>
    <subfield code="b">CISF</subfield>
    <subfield code="d">2016-10-14</subfield>
    <subfield code="l">0</subfield>
    <subfield code="o">b6464-46455 </subfield>
    <subfield code="r">2016-10-14 00:00:00</subfield>
    <subfield code="w">2016-10-14</subfield>
    <subfield code="y">BK</subfield>
    <subfield code="z">Data import 15.10.2016 / by Epidotti, Vaglietti</subfield>
  </datafield>
</record>
